01484nam a22002894a 4500001000400000003000800004005001700012008004100029020001800070040003100088041001300119082001500132100002300147240002400170245004800194260004000242300002100282500003000303520072100333650002801054650002501082650001801107650002401125650001601149655001301165655001601178522BR-RjBN20260522152455.0240403s2024 sp 000 f por d a9788525061003 bporaBR-IBIAcBR-IBIAerda1 aporheng a823bB873m1 aBrooks, Geraldine.10aPeople of the Book.13aAs memórias do livro /cGeraldine Brooks. aSão Paulo :bGlobo Livros,c2024. a376 p. ;c23 cm. aInspirado em fatos reais. aA especialista australiana em livros raros Hanna Heath é convocada para restaurar e investigar a famosa Hagadá de Sarajevo, manuscrito judaico resgatado durante a guerra da Bósnia. Ao encontrar pequenos vestígios escondidos entre as páginas — como manchas de vinho, cristais de sal e um fio de cabelo —, Hanna começa a reconstruir a trajetória do livro ao longo dos séculos, revelando histórias de exílio, coragem, perseguição e sobrevivência. Paralelamente à investigação histórica, a protagonista enfrenta questões pessoais e revisita os fantasmas de seu passado. Inspirado em uma história real, o romance combina narrativa histórica, mistério e drama contemporâneo. 0aLiteratura australiana. 0aRomance histórico. 0aLivros raros. 0aGuerra da Bósnia. 0aJudaísmo. 0aRomance. 0aFicção.